000
00318nam a22001337a 4500
008
181106b xxu||||| |||| 00| 0 eng d
020
_a
9780944210086
041
_a
eng
080
_a
371
100
_a
46
101
_a
EDU
245
_a
Ten Skills you really need to succeed in School
_c
Langan,J
942
_2
udc
_c
BK
999
_c
52021
_d
52021